000 00565nam a2200205Ia 4500
005 20250508165635.0
008 008 250505s9999 xx 000 0 eng d
037 _aTextual
040 _aFEDL
_beng
_cFEDL
041 _aeng
_2eng
084 _a500, GAN
_qFEDL
100 _aGanesh N.S
_9781462
245 0 _aScience and technology : CBSE X
260 _aNew Delhi
_bOxford University Press
_c2003
300 _a659 p.
365 _aINR
_b236
700 _a Pillai Vijayalakshmi
_9781463
942 _cTEXL
_h500, GAN
999 _c1396413
_d1396413